000 01046nam a22002177a 4500
999 _c16482
_d16482
003 AR-CdUCM
008 190503b ||||| |||| 00| 0 spa d
040 _aMUNICIPALIDAD PROVINCIAL DEL CUSCO
_cBIBLIOTECA MUNICIPAL DEL CUSCO
082 _23ed.
_a372.48 /
_bJ94
100 _aJesualdo
_926791
245 _aLa literatura infantil :
_bensayo sobre ética, estética y psicopedagogía de la literatura infantil /
260 _aBuenos Aires :
_bLosada,
_c1959.
300 _a249 páginas ;
_c20 cm.
440 _aPublicaciones de la Revista de Pedagogía / La Escuela activa.
_935952
505 _aContenido: ¿Existe una literatura infantil propiamente dicha? -- Confesiones sobre el difícil arte de escribir para los niños -- Función de la literatura infantil -- Concepto y alcance de una literatura penetrable -- Principales caracteres que distinguen una literatura infantil ...
650 _aLiteratura infantil
_9588
650 _aPsicopedagogía
_9590
650 _aEnseñanza
_91616
942 _2ddc
_cLIBROS
945 _aachl
_d2019-05-03